书目信息 |
| 题名: |
膜结构工程设计
|
|
| 作者: | 陈务军 编著 | |
| 分册: | ||
| 出版信息: | 北京 中国建筑工业出版社 2005.2 |
|
| 页数: | 234页 | |
| 开本: | 23cm | |
| 丛书名: | ||
| 单 册: | ||
| 中图分类: | TU330.4 | |
| 科图分类: | ||
| 主题词: | 膜结构工程设计--mo jie gou gong cheng she ji | |
| 电子资源: | ||
| ISBN: | 7-112-07059-7 | |
| 000 | 00959cam0 2200265 450 | |
| 001 | 012005023984 | |
| 005 | 20051021101010.10 | |
| 010 | @a7-112-07059-7@dCNY25.00 | |
| 100 | @a20050716d2005 em y0chiy0121 ea | |
| 101 | 0 | @achi |
| 102 | @aCN@b110000 | |
| 105 | @af z 000yy | |
| 200 | 1 | @a膜结构工程设计@Amo jie gou gong cheng she ji@f陈务军编著 |
| 210 | @a北京@c中国建筑工业出版社@d2005.2 | |
| 215 | @a234页@c图@d23cm | |
| 320 | @a有书目 | |
| 330 | @a本书共分八章,包括膜结构发展简史和概述;膜材的构成;纤维、涂层类型与性能;膜材类型与特征;建筑物理特征、单向、双向力学特点等内容。 | |
| 333 | @a阅读对象:建筑师、结构工程师及相关工程技术人员及高等院校有关专业师生 | |
| 510 | 1 | @aDesign of membrane structure engineering@zeng |
| 606 | 0 | @a膜结构工程设计@Amo jie gou gong cheng she ji |
| 690 | @aTU330.4@v4 | |
| 701 | 0 | @a陈务军@Achen wu jun@4编著 |
| 801 | 0 | @aCN@bSRXX@c20050423 |
| 801 | 2 | @aCN@bSRXX@c20051021 |
| 905 | @a10447@dTU330.4@eC580 | |
| 膜结构工程设计/陈务军编著.-北京:中国建筑工业出版社,2005.2 |
| 234页:图;23cm |
| 使用对象:阅读对象:建筑师、结构工程师及相关工程技术人员及高等院校有关专业师生 |
| ISBN 7-112-07059-7:CNY25.00 |
| 本书共分八章,包括膜结构发展简史和概述;膜材的构成;纤维、涂层类型与性能;膜材类型与特征;建筑物理特征、单向、双向力学特点等内容。 |
| ● |
| 相关链接 |
|
|
|
正题名:膜结构工程设计
索取号:TU330.4/C580
 
预约/预借
| 序号 | 登录号 | 条形码 | 馆藏地/架位号 | 状态 | 备注 |
| 1 | 541935 | 205419359 | 建筑库101/101建筑库 81排4列4层/ [索取号:TU330.4/C580] | 在馆 | |
| 2 | 541936 | 205419368 | 建筑库101/101建筑库 81排4列4层/ [索取号:TU330.4/C580] | 在馆 | |
| 3 | 541937 | 205419377 | 建筑库101/101建筑库 81排4列4层/ [索取号:TU330.4/C580] | 在馆 |